One Piece: Characters A-Z - Statistics

General Stats
  • This quiz has been taken 209 times
  • The average score is 10 of 25
Answer Stats
Letter Characters Numbers % Correct
B Babe | Bartholomew Kuma | Bartolomeo | Basil Hawkins | Bellamy | Belo Betty | Bentham | Bepo | Black Maria | Bluejam | Boa Hancock | Boa Marigold | Boa Sandersonia | Bobbin | Bobby Funk | Brogy | Brook | Buggy 18
82%
N Nami | Nico Olvia | Nico Robin 3
67%
M Machvise | Marco | Marianne | Marshall D. Teach | Masira | Mikazuki | Mikita | Monkey D. Luffy | Mont Blanc Cricket | Morley 10
65%
C Caesar Clown | Capone Bege | Caribou | Cavendish | Chadros Higelyges | Charlotte Cracker | Charlotte Daifuku | Charlotte Katakuri | Charlotte Linlin | Charlotte Lola | Charlotte Mont-d'Or | Charlotte Oven | Charlotte Perospero | Charlotte Smoothie | Charlotte Snack | Chew | Chinjao | Coribou | Crocodile | Curly Dadan 20
62%
A Albion | Alvida | Arlong 3
55%
K Kaido | Karasu | Kelly Funk | Killer | King | Kinoko | Krieg | Kuro | Kuroobi 9
55%
J Jack | Jango | Jesus Burgess | Jewelry Bonney | Jinbe 5
52%
U Ulti | Urouge | Usopp 3
51%
F Fisher Tiger | Foxy | Franky 3
48%
R Raccoon | Rockstar | Rockstar | Roronoa Zoro | Roshio 5
48%
S Sabo | Sai | Sanji | Sarquiss | Sasaki | Scotch | Scratchmen Apoo | Senor Pink | Sham/Buchi | Shanks | Shoujou | Squard | Suleiman 13
46%
E Edward Newgate | Edward Weevil | Emporio Ivankov | Eustass Kid 4
45%
D Daz Bonez | Dellinger | Demalo Black | Devil Dias | Diamante | Doc Q | Donquixote Doflamingo | Dorry | Dracule Mihawk | Drophy 10
44%
G Galdino | Gambia | Gecko Moria | Gem | Ginny | Ginny | Gladius | Gol D. Roger | Gotti | Gyro 10
42%
T Tamago | Tony Tony Chopper | Trafalgar D. Water Law | Trebol 4
40%
P Page One | Peachbeard | Pedro | Pekoms | Pica | Porchemy | Portgas D. Ace 7
38%
V Van Augur | Vito 2
36%
Q Queen 1
33%
X X Drake 1
27%
L Lacuba | Laffitte | Lao G | Lindbergh | Lip Doughty | Little Oars Jr. | Loki 7
15%
I Inazuma | Izou 2
10%
H Hatchan | Higuma 2
8%
O Orlumbus 1
7%
W Wellington | Who's-Who 2
7%
Z Zala 1
3%
No matching quizzes found
Score Distribution
Percent of People with Each Score
Percentile by Number Answered
Your Score History
You have not taken this quiz